Real and functional analysis (Record no. 755000)

MARC details
000 -LEADER
fixed length control field 00511nam a22001937a 4500
020 ## - INTERNATIONAL STANDARD BOOK NUMBER
ISBN 9780387940014
100 ## - MAIN ENTRY--AUTHOR NAME
Personal name Lang, Serge
245 ## - TITLE STATEMENT
Title Real and functional analysis
250 ## - EDITION STATEMENT
Edition statement 3rd ed.
260 ## - PUBLICATION, DISTRIBUTION, ETC. (IMPRINT)
Place of publication New York
Name of publisher Springer
Year of publication 1993
300 ## - PHYSICAL DESCRIPTION
Number of Pages xiv+580
490 ## - SERIES STATEMENT
Series statement Graduate texts in mathematics
500 ## - GENERAL NOTE
General note Graduate texts in mathematics -142
650 ## - SUBJECT ADDED ENTRY--TOPICAL TERM
Topical Term Mathematical analysis
650 ## - SUBJECT ADDED ENTRY--TOPICAL TERM
Topical Term Hilbert space
650 ## - SUBJECT ADDED ENTRY--TOPICAL TERM
Topical Term Calculus
942 ## - ADDED ENTRY ELEMENTS (KOHA)
Source of classification or shelving scheme Dewey Decimal Classification
Koha item type Book
Holdings
Withdrawn status Lost status Source of classification or shelving scheme Damaged status Not for loan Collection code Home Library Current Location Shelving location Date acquired Source of acquisition Cost, normal purchase price Full call number Accession Number Price effective from Koha item type
    Dewey Decimal Classification     Gift or donation Dept. of Mathematics Dept. of Mathematics General Stacks 08/01/2026 Donated by Dr. Krishna Kumar G on the completion of SERB sponsored project (UO. No: Ad.F1/1373/2021 dated 22/01/2024) 5125.07 515.8 LAN-R MATG239 13/01/2026 Book